000
00263nam a2200109Ia 4500
008
230907s9999||||xx |||||||||||||| ||und||
082
_a
621.3
_b
PHI
245
0
_a
Electrical principles /
260
_a
Cengage,
_b
Australia :
_c
2016
300
_a
666 p.
942
_c
BK
999
_c
600946
_d
600946